Creación, desempeño y eliminación del Ministerio de Desarrollo Humano en Bolivia /
Gardado en:
| Autor Principal: | |
|---|---|
| Autor Corporativo: | |
| Formato: | Texto |
| Series: | SERIE POLITICAS SOCIALES/CEPAL
|
| Etiquetas: |
Engadir etiqueta
Sen Etiquetas, Sexa o primeiro en etiquetar este rexistro!
|
MARC
| LEADER | 00000 a a2200000 04500 | ||
|---|---|---|---|
| 001 | 48423 | ||
| 003 | |||
| 040 | |||
| 090 | |a REV1291 (65) 2002 | ||
| 100 | |a Araníbar Quiroga, Ernesto | ||
| 110 | |a NACIONES UNIDAS CEPAL | ||
| 245 | |a Creación, desempeño y eliminación del Ministerio de Desarrollo Humano en Bolivia / |c Ernesto Araníbar Quiroga | ||
| 440 | |a SERIE POLITICAS SOCIALES/CEPAL | ||
| 773 | |g número65, (2002) | ||
| 999 | |c 34526 |d 34526 | ||
